[Event "TOP 16 A group"]
[Site "BELFORT"]
[Date "????.??.??"]
[Round "1.1"]
[White "Maurizzi, Marc`Andria"]
[Black "Murzin, Volodar"]
[Result "1/2-1/2"]
[WhiteElo "2607"]
[BlackElo "2658"]
[PlyCount "107"]
[EventDate "2025.05.??"]
[WhiteTeam "CHARTRES"]
[BlackTeam "TREMBLAY"]
[WhiteTeamCountry "FRA"]
[BlackTeamCountry "FRA"]

1. e4 c5 2. Nf3 d6 3. d4 cxd4 4. Nxd4 Nf6 5. Nc3 a6 6. Be2 e5 7. Nf3 Be7 8. Bg5
Nbd7 9. a4 h6 10. Be3 Ng4 11. Bc1 Ngf6 12. Be3 Ng4 13. Bc1 Ngf6 14. O-O Nc5 15.
Nd2 Be6 16. b3 O-O 17. Bb2 Qc7 18. Bf3 Qc6 19. Qe2 Bd8 20. Rfd1 Ba5 21. Nd5
Bxd5 22. exd5 Qc8 23. Nc4 Bc7 24. b4 Nxa4 25. Rxa4 b5 26. Nxd6 Bxd6 27. Ra3 Qf5
28. Re3 Rae8 29. g3 e4 30. Bg2 Bxb4 31. d6 Re6 32. d7 Rd8 33. Bxf6 Qxf6 34.
Rxe4 Kf8 35. c4 Rxe4 36. Bxe4 bxc4 37. Qxc4 a5 38. Bc2 Qc3 39. Qe4 g6 40. Qh4
Be7 41. Qxh6+ Kg8 42. Qd2 Qc6 43. Bb3 a4 44. Ba2 a3 45. Qh6 Qc2 46. Rd2 Qf5 47.
Rd5 Qc2 48. Rd2 Qf5 49. Rd5 Qc2 50. Qd2 Qxd2 51. Rxd2 Kf8 52. Kg2 Bf6 53. Rd3
Bb2 54. h4 1/2-1/2

[Event "TOP 16 A group"]
[Site "BELFORT"]
[Date "????.??.??"]
[Round "1.2"]
[White "Shchekachev, Andrei"]
[Black "Dardha, Daniel"]
[Result "1/2-1/2"]
[WhiteElo "2445"]
[BlackElo "2651"]
[PlyCount "40"]
[EventDate "2025.05.??"]
[WhiteTeam "TREMBLAY"]
[BlackTeam "CHARTRES"]
[WhiteTeamCountry "FRA"]
[BlackTeamCountry "FRA"]

1. Nf3 d5 2. d4 e6 3. c4 Nf6 4. Nc3 Be7 5. Bf4 O-O 6. e3 c5 7. dxc5 Bxc5 8. Qc2
Nc6 9. Rd1 Bb4 10. Be2 Qa5 11. O-O Bxc3 12. bxc3 Re8 13. Ne5 Nxe5 14. Bxe5 Nd7
15. Bd6 Qb6 16. Bg3 Qc5 17. cxd5 exd5 18. Qa4 Nf6 19. Qb4 Qxb4 20. cxb4 Be6
1/2-1/2

[Event "TOP 16 A group"]
[Site "BELFORT"]
[Date "????.??.??"]
[Round "1.3"]
[White "Mamedov, Rauf"]
[Black "Van Foreest, Lucas"]
[Result "1-0"]
[WhiteElo "2657"]
[BlackElo "2530"]
[PlyCount "86"]
[EventDate "2025.05.??"]
[WhiteTeam "CHARTRES"]
[BlackTeam "TREMBLAY"]
[WhiteTeamCountry "FRA"]
[BlackTeamCountry "FRA"]

1. e4 e5 2. Nf3 Nc6 3. Bc4 Bc5 4. d3 Nf6 5. c3 d6 6. Nbd2 O-O 7. O-O Bb6 8. a4
a5 9. h3 h6 10. Ba2 Be6 11. Nc4 Ba7 12. Be3 Bxe3 13. fxe3 Kh8 14. Qc2 Ne7 15.
Nh4 Neg8 16. d4 Nh7 17. Nf3 Ng5 18. dxe5 Nxf3+ 19. Rxf3 dxe5 20. Nxe5 Qe7 21.
Bxe6 Qxe6 22. Ng4 Ne7 23. Raf1 Rae8 24. Qf2 Ng6 25. Rxf7 Qxe4 26. Nxh6 Rxf7 27.
Nxf7+ Kg8 28. Ng5 Qxe3 29. Qxe3 Rxe3 30. Rd1 Kf8 31. Rd7 Re2 32. Rxc7 Ke8 33.
Rxb7 Nf4 34. Rf7 Nd3 35. Rxg7 Nxb2 36. Ra7 Nc4 37. Nf3 Ra2 38. h4 Ne3 39. Rxa5
Nxg2 40. h5 Nf4 41. h6 Ne2+ 42. Kf1 Kf7 43. Rg5 Ke6 1-0

[Event "TOP 16 A group"]
[Site "BELFORT"]
[Date "????.??.??"]
[Round "1.4"]
[White "Kobalia, Mikhail"]
[Black "Kamsky, Gata"]
[Result "0-1"]
[WhiteElo "2538"]
[BlackElo "2606"]
[PlyCount "80"]
[EventDate "2025.05.??"]
[WhiteTeam "TREMBLAY"]
[BlackTeam "CHARTRES"]
[WhiteTeamCountry "FRA"]
[BlackTeamCountry "FRA"]

1. e4 e5 2. Nf3 Nc6 3. Bb5 Nf6 4. d3 d6 5. O-O Bd7 6. Re1 g6 7. d4 Bg7 8. d5
Nb8 9. Bxd7+ Nbxd7 10. c4 a5 11. Nc3 h5 12. a3 b6 13. Bg5 Bh6 14. Bxh6 Rxh6 15.
h4 Rh8 16. b4 Kf8 17. Nb5 Kg7 18. Rc1 Re8 19. g3 Qb8 20. Qc2 Qb7 21. Rb1 Qc8
22. Kg2 Re7 23. Rec1 Ng4 24. Qe2 Qd8 25. Rc2 Kg8 26. Ne1 f5 27. f3 Nh6 28. Nd3
axb4 29. axb4 Rg7 30. c5 bxc5 31. bxc5 g5 32. cxd6 cxd6 33. Nxd6 gxh4 34. exf5
Qf8 35. Ne4 Nxf5 36. Rc4 hxg3 37. Rh1 h4 38. Nec5 Nxc5 39. Nxc5 Qc8 40. d6 h3+
0-1

[Event "TOP 16 A group"]
[Site "BELFORT"]
[Date "????.??.??"]
[Round "1.5"]
[White "Fressinet, Laurent"]
[Black "Abergel, Thal"]
[Result "1-0"]
[WhiteElo "2593"]
[BlackElo "2415"]
[PlyCount "92"]
[EventDate "2025.05.??"]
[WhiteTeam "CHARTRES"]
[BlackTeam "TREMBLAY"]
[WhiteTeamCountry "FRA"]
[BlackTeamCountry "FRA"]

1. d4 d5 2. Nf3 Nf6 3. c4 e6 4. Nc3 Nbd7 5. Bg5 Bb4 6. e3 c5 7. cxd5 exd5 8.
Bd3 Qa5 9. O-O O-O 10. Nxd5 Nxd5 11. a3 h6 12. Bh4 cxd4 13. axb4 Qxb4 14. Nxd4
Nc5 15. Bb1 Be6 16. Qc2 g6 17. Nxe6 Nxe6 18. Ra4 Qb6 19. Qd2 Qc6 20. Ra3 Qc4
21. f4 Nb6 22. Rc1 Qd5 23. Qxd5 Nxd5 24. Be4 Nb4 25. Be7 Rfc8 26. Rxc8+ Rxc8
27. Bxb4 Rc4 28. Bc3 Rxe4 29. Rxa7 f5 30. Kf2 Nc5 31. Ke2 Rc4 32. Ra8+ Kf7 33.
Rc8 b5 34. Rc7+ Ke6 35. Rc6+ Kd5 36. Rb6 g5 37. fxg5 hxg5 38. Rxb5 Ke4 39. Rb8
Ne6 40. Rb4 Rxb4 41. Bxb4 g4 42. Bd6 Kd5 43. Bf4 Nc5 44. Kd2 Kc4 45. Kc2 Ne6
46. h4 Kd5 1-0

[Event "TOP 16 A group"]
[Site "BELFORT"]
[Date "????.??.??"]
[Round "1.6"]
[White "Bellahcene, Bilel"]
[Black "Lagarde, Maxime"]
[Result "1/2-1/2"]
[WhiteElo "2504"]
[BlackElo "2622"]
[PlyCount "43"]
[EventDate "2025.05.??"]
[WhiteTeam "TREMBLAY"]
[BlackTeam "CHARTRES"]
[WhiteTeamCountry "FRA"]
[BlackTeamCountry "FRA"]

1. d4 Nf6 2. Nf3 d5 3. c4 e6 4. g3 Be7 5. Bg2 O-O 6. O-O Nbd7 7. Qc2 c6 8. Nbd2
b6 9. e4 dxc4 10. Nxc4 Bb7 11. Rd1 c5 12. e5 Nd5 13. dxc5 Nxc5 14. h4 h6 15.
Qe2 Ba6 16. Rd4 Rc8 17. Bxh6 gxh6 18. Rg4+ Kh8 19. Qd2 Kh7 20. Qc2+ Kh8 21. Qd2
Kh7 22. Qc2+ 1/2-1/2

[Event "TOP 16 A group"]
[Site "BELFORT"]
[Date "????.??.??"]
[Round "1.7"]
[White "Bauer, Christian"]
[Black "Cassam-Chenai, Antoine"]
[Result "1-0"]
[WhiteElo "2561"]
[BlackElo "2233"]
[PlyCount "69"]
[EventDate "2025.05.??"]
[WhiteTeam "CHARTRES"]
[BlackTeam "TREMBLAY"]
[WhiteTeamCountry "FRA"]
[BlackTeamCountry "FRA"]

1. e4 c6 2. d4 d5 3. f3 Qb6 4. Nc3 dxe4 5. Nxe4 Nf6 6. c3 Nbd7 7. Bc4 e6 8. Ne2
Be7 9. O-O O-O 10. a4 a5 11. Kh1 Nd5 12. Qe1 Kh8 13. Qg3 c5 14. f4 cxd4 15.
Nxd4 Nc5 16. Ng5 h6 17. Ngf3 Ne4 18. Qe1 Nef6 19. Ne5 Bc5 20. Nb3 Bd6 21. Bb5
Qc7 22. Bd3 b6 23. Nd4 Bc5 24. Nb5 Qd8 25. Qh4 Bb7 26. f5 exf5 27. Rxf5 Ne7 28.
Rxf6 Nf5 29. Qh3 Qxf6 30. Qxf5 Qxf5 31. Bxf5 Rad8 32. Bf4 g5 33. Bg3 Rd2 34.
Nf3 Re8 35. Nxd2 1-0

[Event "TOP 16 A group"]
[Site "BELFORT"]
[Date "????.??.??"]
[Round "1.8"]
[White "Hernandez, Lara"]
[Black "Daulyte-Cornette, Deimante"]
[Result "0-1"]
[WhiteElo "1978"]
[BlackElo "2396"]
[PlyCount "74"]
[EventDate "2025.05.??"]
[WhiteTeam "TREMBLAY"]
[BlackTeam "CHARTRES"]
[WhiteTeamCountry "FRA"]
[BlackTeamCountry "FRA"]

1. d4 Nf6 2. Nf3 g6 3. g3 Bg7 4. Bg2 O-O 5. O-O d6 6. b3 b5 7. Bb2 Bb7 8. c4
bxc4 9. bxc4 Nbd7 10. Nc3 Rb8 11. Rb1 Ne4 12. Qd3 Ndf6 13. d5 Nc5 14. Qc2 Nfd7
15. Nb5 Bxb2 16. Rxb2 c6 17. dxc6 Bxc6 18. Nfd4 Bxg2 19. Kxg2 Ne5 20. f4 Ng4
21. Qc1 Qd7 22. h3 Qb7+ 23. Rf3 Nf6 24. Rb1 Qe4 25. Qc2 Qxc2 26. Nxc2 a6 27.
Nc3 Rxb1 28. Nxb1 Rb8 29. Nc3 Rb2 30. Nd4 e6 31. a3 Nfd7 32. Nc6 Nb6 33. Na5
Rd2 34. Rf1 Rc2 35. Rf3 f5 36. Re3 Kf7 37. Kf2 Rxc3 0-1

[Event "TOP 16 A group"]
[Site "BELFORT"]
[Date "????.??.??"]
[Round "1.9"]
[White "Puranik, Abhimanyu"]
[Black "Eugene, Floryan"]
[Result "1-0"]
[WhiteElo "2624"]
[BlackElo "2469"]
[PlyCount "77"]
[EventDate "2025.05.??"]
[WhiteTeam "MULHOUSE"]
[BlackTeam "LE MANS"]
[WhiteTeamCountry "FRA"]
[BlackTeamCountry "FRA"]

1. d4 d5 2. c4 e6 3. Nc3 Nf6 4. cxd5 exd5 5. Bg5 c6 6. e3 h6 7. Bh4 Be7 8. Bd3
O-O 9. Bg3 b5 10. Nf3 b4 11. Na4 Ba6 12. Rc1 Qa5 13. b3 Bb5 14. Ne5 Bxa4 15.
bxa4 b3+ 16. Ke2 bxa2 17. Qc2 Ne4 18. Bxe4 dxe4 19. Qxa2 Bd6 20. Qc4 Bxe5 21.
dxe5 Nd7 22. Qxe4 Rab8 23. Rhd1 Nc5 24. Qc4 Nb3 25. Rc3 Rb4 26. Qxc6 Rb6 27.
Qc4 Rb4 28. Qd5 Qxa4 29. Rc7 Qa6+ 30. Ke1 Rb5 31. Qd6 Qa5+ 32. Kf1 Rbb8 33. e6
Rbd8 34. Rd7 Rxd7 35. exd7 Rd8 36. Qc6 Nd2+ 37. Ke2 Nb3 38. Bc7 Qh5+ 39. Ke1
1-0

[Event "TOP 16 A group"]
[Site "BELFORT"]
[Date "????.??.??"]
[Round "1.10"]
[White "Harutyunyan, Safar"]
[Black "Navara, David"]
[Result "0-1"]
[WhiteElo "2258"]
[BlackElo "2657"]
[PlyCount "72"]
[EventDate "2025.05.??"]
[WhiteTeam "LE MANS"]
[BlackTeam "MULHOUSE"]
[WhiteTeamCountry "FRA"]
[BlackTeamCountry "FRA"]

1. e4 c6 2. c4 d5 3. cxd5 cxd5 4. exd5 Nf6 5. Nc3 Nxd5 6. Nf3 Nc6 7. Bc4 Nb6 8.
Bb5 g6 9. d4 Bg7 10. O-O O-O 11. Bxc6 bxc6 12. h3 Be6 13. Re1 Bd5 14. Bg5 Re8
15. Nxd5 cxd5 16. b3 Nc8 17. Bf4 Nd6 18. Rc1 Ne4 19. Ng5 e5 20. Nxe4 exf4 21.
Nc3 Rxe1+ 22. Qxe1 Bxd4 23. Rd1 Bxc3 24. Qxc3 Qd6 25. Qd4 Rd8 26. Qxa7 d4 27.
Rd3 Qe5 28. Qb6 Rd5 29. Qb4 f3 30. Qd2 fxg2 31. Kxg2 Qe4+ 32. Kh2 h6 33. a4 Rg5
34. f3 Qc6 35. Rxd4 Qxf3 36. Rf4 Qg3+ 0-1

[Event "TOP 16 A group"]
[Site "BELFORT"]
[Date "????.??.??"]
[Round "1.11"]
[White "Narayanan S L"]
[Black "Blot, Jerome"]
[Result "1-0"]
[WhiteElo "2598"]
[BlackElo "2336"]
[PlyCount "65"]
[EventDate "2025.05.??"]
[WhiteTeam "MULHOUSE"]
[BlackTeam "LE MANS"]
[WhiteTeamCountry "FRA"]
[BlackTeamCountry "FRA"]

1. d4 Nf6 2. c4 e6 3. Nf3 d5 4. Nc3 Be7 5. Bf4 a6 6. e3 O-O 7. Qc2 dxc4 8. Bxc4
b5 9. Bd3 Bb7 10. Ng5 h6 11. Nh7 Nxh7 12. Bxh7+ Kh8 13. Be4 c6 14. O-O Nd7 15.
Bf3 Rc8 16. Ne4 Ba8 17. Nd6 Bxd6 18. Bxd6 Re8 19. Rfd1 Qf6 20. Rac1 e5 21. Bg4
Qxd6 22. dxe5 Qxe5 23. Bxd7 c5 24. Bxe8 Qxe8 25. Qf5 c4 26. Rd7 Be4 27. Qxf7
Qxf7 28. Rxf7 Rd8 29. f3 Bg6 30. Ra7 Rd2 31. Rxa6 Rxb2 32. Rxg6 Rxa2 33. Rb6
1-0

[Event "TOP 16 A group"]
[Site "BELFORT"]
[Date "????.??.??"]
[Round "1.12"]
[White "Eveno, Nathan"]
[Black "Edouard, Romain"]
[Result "0-1"]
[WhiteElo "2249"]
[BlackElo "2538"]
[PlyCount "118"]
[EventDate "2025.05.??"]
[WhiteTeam "LE MANS"]
[BlackTeam "MULHOUSE"]
[WhiteTeamCountry "FRA"]
[BlackTeamCountry "FRA"]

1. e4 c5 2. Nf3 Nc6 3. Bb5 e6 4. O-O Nge7 5. Re1 h6 6. c3 a6 7. Ba4 b5 8. Bc2
Bb7 9. d4 cxd4 10. cxd4 Ng6 11. a3 Nh4 12. Nbd2 Rc8 13. d5 Na5 14. Nxh4 Qxh4
15. Nf3 Qf6 16. Bd3 Nc4 17. e5 Qd8 18. b3 Nb6 19. d6 g6 20. h4 Bg7 21. h5 g5
22. Nh2 Nd5 23. Bd2 O-O 24. Ng4 f5 25. exf6 Nxf6 26. Ne5 Nd5 27. Qe2 Bxe5 28.
Qxe5 Qb6 29. Re2 Nf4 30. Bxf4 Rxf4 31. Rf1 Rc5 32. Qe3 Qxd6 33. Rd1 Kh8 34. f3
Qd4 35. Qxd4+ Rxd4 36. Kf2 Rc3 37. Bc2 Rxd1 38. Bxd1 Kg7 39. Re3 Rxe3 40. Kxe3
e5 41. b4 Kf6 42. g4 d5 43. Bc2 Bc8 44. Bb3 Be6 45. Bd1 Bd7 46. Bb3 d4+ 47. Kd3
Be6 48. Bc2 Ke7 49. Kd2 e4 50. Bxe4 Kd6 51. f4 gxf4 52. g5 hxg5 53. h6 Bg8 54.
h7 Bxh7 55. Bxh7 f3 56. Be4 g4 57. Bb7 Ke5 58. Ke1 d3 59. Kd2 Kf4 0-1

[Event "TOP 16 A group"]
[Site "BELFORT"]
[Date "????.??.??"]
[Round "1.13"]
[White "Terrieux, Kevin"]
[Black "Bouvet, Florian"]
[Result "1-0"]
[WhiteElo "2389"]
[BlackElo "2244"]
[PlyCount "75"]
[EventDate "2025.05.??"]
[WhiteTeam "MULHOUSE"]
[BlackTeam "LE MANS"]
[WhiteTeamCountry "FRA"]
[BlackTeamCountry "FRA"]

1. e4 c5 2. Nf3 e6 3. d4 cxd4 4. Nxd4 a6 5. Bd3 Ne7 6. O-O Nec6 7. Nb3 Be7 8.
Nc3 d6 9. Qg4 Bf6 10. f4 Nd7 11. e5 dxe5 12. Ne4 Kf8 13. Nxf6 Nxf6 14. Qe2 e4
15. Bxe4 Nd4 16. Qd3 Nxe4 17. Qxe4 Nxb3 18. axb3 Qc7 19. Be3 f5 20. Qb4+ Kf7
21. Bb6 Qe7 22. Bc5 Qf6 23. Rfd1 Rd8 24. Qa5 Rd7 25. Rxd7+ Bxd7 26. Qc7 Qd8 27.
Qxb7 Qc8 28. Qxc8 Rxc8 29. b4 Rc6 30. Rd1 Bc8 31. Rd8 a5 32. c3 g5 33. fxg5
axb4 34. Bxb4 e5 35. Kf2 Rc4 36. g3 Kg6 37. Rg8+ Kh5 38. g6 1-0

[Event "TOP 16 A group"]
[Site "BELFORT"]
[Date "????.??.??"]
[Round "1.14"]
[White "Gao, Etienne"]
[Black "Gatineau, Yovann"]
[Result "1-0"]
[WhiteElo "2240"]
[BlackElo "2374"]
[PlyCount "105"]
[EventDate "2025.05.??"]
[WhiteTeam "LE MANS"]
[BlackTeam "MULHOUSE"]
[WhiteTeamCountry "FRA"]
[BlackTeamCountry "FRA"]

1. e4 e5 2. Nf3 Nc6 3. Nc3 Nf6 4. Bb5 Bd6 5. a3 O-O 6. d3 Re8 7. Bc4 Be7 8. O-O
h6 9. h3 a6 10. Be3 d6 11. Qd2 Bf8 12. Rfe1 Ne7 13. d4 exd4 14. Bxd4 Nc6 15.
Rad1 Nxd4 16. Qxd4 b5 17. Ba2 c5 18. Qd2 Bb7 19. Bd5 Bxd5 20. exd5 Qd7 21. Qd3
g6 22. Ne2 c4 23. Qd2 Ne4 24. Qf4 Bg7 25. Ned4 Nf6 26. Ne2 a5 27. Ng3 Rxe1+ 28.
Nxe1 Re8 29. Nf3 Qc7 30. Qd2 Rc8 31. Nd4 Qb6 32. Nde2 h5 33. Qd4 Qb7 34. Qf4
Qc7 35. Nc3 b4 36. axb4 axb4 37. Nb5 Qb8 38. Nxd6 Rf8 39. Ne2 c3 40. bxc3 bxc3
41. Nc4 Qb4 42. Ne3 Qa5 43. Qc4 Nd7 44. d6 Be5 45. Qc6 Nb6 46. Nc1 Rc8 47. Qb7
Rd8 48. Nb3 Qb4 49. Qe7 Rxd6 50. Qe8+ Kh7 51. Qxe5 Nc4 52. Qf4 Rxd1+ 53. Nxd1
1-0

[Event "TOP 16 A group"]
[Site "BELFORT"]
[Date "????.??.??"]
[Round "1.15"]
[White "Riff, Jean-Noel"]
[Black "Brunelliere, Pierre"]
[Result "1/2-1/2"]
[WhiteElo "2387"]
[BlackElo "2218"]
[PlyCount "54"]
[EventDate "2025.05.??"]
[WhiteTeam "MULHOUSE"]
[BlackTeam "LE MANS"]
[WhiteTeamCountry "FRA"]
[BlackTeamCountry "FRA"]

1. e4 d6 2. d4 Nf6 3. Nc3 e5 4. Nf3 Nbd7 5. g4 g6 6. g5 Nh5 7. Be3 Bg7 8. Qd2
O-O 9. O-O-O c6 10. dxe5 dxe5 11. Ne1 Qa5 12. Nd3 b5 13. a3 Nb6 14. Nb4 Bb7 15.
Bc5 Rfe8 16. Nbd5 Nxd5 17. exd5 cxd5 18. Bb4 Qd8 19. Bxb5 a5 20. Bc5 d4 21.
Bxe8 Qxe8 22. Rhe1 dxc3 23. Qxc3 Nf4 24. Bd6 Ba6 25. Kb1 Qb5 26. a4 Qxa4 27.
Bxe5 Rc8 1/2-1/2

[Event "TOP 16 A group"]
[Site "BELFORT"]
[Date "????.??.??"]
[Round "1.16"]
[White "Budak, Lori"]
[Black "Navrotescu, Andreea"]
[Result "0-1"]
[WhiteElo "1908"]
[BlackElo "2323"]
[PlyCount "68"]
[EventDate "2025.05.??"]
[WhiteTeam "LE MANS"]
[BlackTeam "MULHOUSE"]
[WhiteTeamCountry "FRA"]
[BlackTeamCountry "FRA"]

1. e4 c5 2. Nc3 Nc6 3. g3 e6 4. Bg2 Nf6 5. d3 Be7 6. f4 d5 7. e5 Ng8 8. Nf3 h5
9. h3 Nh6 10. Ne2 Nf5 11. c3 Qd7 12. O-O b6 13. Kh2 Bb7 14. d4 a5 15. Ne1 Ba6
16. dxc5 h4 17. g4 Bxe2 18. Qxe2 Ng3 19. Qc2 Nxf1+ 20. Bxf1 bxc5 21. Bb5 O-O
22. Nf3 Qb7 23. Ba4 Rab8 24. Qf2 d4 25. Bc2 Rfd8 26. Be4 Qc7 27. g5 g6 28. Qc2
Bf8 29. Nxh4 Bg7 30. Nf3 Qd7 31. Rb1 dxc3 32. Qxc3 Nd4 33. Qxc5 Nxf3+ 34. Bxf3
Qd3 0-1

[Event "TOP 16 A group"]
[Site "BELFORT"]
[Date "????.??.??"]
[Round "1.17"]
[White "Karthikeyan, Murali"]
[Black "Rathanvel, V S."]
[Result "1-0"]
[WhiteElo "2658"]
[BlackElo "2465"]
[PlyCount "123"]
[EventDate "2025.05.??"]
[WhiteTeam "CANNES"]
[BlackTeam "LYON"]
[WhiteTeamCountry "FRA"]
[BlackTeamCountry "FRA"]

1. e4 c5 2. Nf3 d6 3. d4 cxd4 4. Nxd4 Nf6 5. Nc3 a6 6. Be3 e5 7. Nb3 Be7 8. f3
Be6 9. Qd2 h5 10. Nd5 Nxd5 11. exd5 Bf5 12. Be2 Bh4+ 13. g3 Be7 14. O-O-O Nd7
15. Kb1 Nf6 16. h3 Rc8 17. Bd3 Bxd3 18. Qxd3 Qc7 19. Nd2 Qa5 20. c4 Nd7 21. g4
b5 22. Rc1 bxc4 23. Nxc4 Qd8 24. f4 O-O 25. gxh5 exf4 26. Bxf4 Bg5 27. Bxg5
Qxg5 28. Nxd6 Rxc1+ 29. Rxc1 Qh6 30. Nf5 Qxh5 31. d6 g6 32. Ne7+ Kh7 33. a3 Qe5
34. Qxa6 Rb8 35. Rc2 Rb6 36. Qc4 Kg7 37. Nc8 Rb8 38. Qc3 Qxc3 39. Rxc3 Kf6 40.
a4 Ke6 41. a5 Ra8 42. Re3+ Kd5 43. Re7 Rxc8 44. Rxd7 Ra8 45. Rxf7 Ke6 46. Re7+
Kxd6 47. Rg7 Rxa5 48. Rxg6+ Kd7 49. h4 Rh5 50. Rg4 Kc6 51. Kc2 Rh8 52. b4 Kb6
53. Kd3 Kb5 54. Ke3 Rh7 55. Kf3 Rh8 56. Rd4 Rf8+ 57. Kg4 Rg8+ 58. Kf5 Rf8+ 59.
Kg6 Rg8+ 60. Kf7 Rh8 61. Kg7 Rh5 62. Kg6 1-0

[Event "TOP 16 A group"]
[Site "BELFORT"]
[Date "????.??.??"]
[Round "1.18"]
[White "Fedorchuk, Sergey A"]
[Black "Pranesh M"]
[Result "1/2-1/2"]
[WhiteElo "2565"]
[BlackElo "2576"]
[PlyCount "71"]
[EventDate "2025.05.??"]
[WhiteTeam "LYON"]
[BlackTeam "CANNES"]
[WhiteTeamCountry "FRA"]
[BlackTeamCountry "FRA"]

1. e4 e5 2. Nf3 Nc6 3. Bc4 Nf6 4. d3 h6 5. a4 d6 6. a5 g6 7. a6 Bg7 8. axb7
Bxb7 9. O-O a5 10. Re1 O-O 11. Nbd2 Nd7 12. c3 Kh7 13. Qb3 Nc5 14. Qc2 a4 15.
Bd5 f5 16. Ra3 Qb8 17. h3 Ra6 18. b4 axb3 19. Nxb3 Rxa3 20. Nxc5 Ra8 21. Nd7
Qd8 22. Nxf8+ Qxf8 23. Be3 Nd8 24. Bxb7 Nxb7 25. Rb1 fxe4 26. dxe4 Nd8 27. Qb3
Qe8 28. Qd5 Ne6 29. c4 Rd8 30. Rb7 Rd7 31. Ra7 Rd8 32. h4 Qe7 33. Qd2 Rf8 34.
Qd5 Rd8 35. Qd2 Rf8 36. Qd5 1/2-1/2

[Event "TOP 16 A group"]
[Site "BELFORT"]
[Date "????.??.??"]
[Round "1.19"]
[White "Adhiban, B."]
[Black "Tahay, Alexis"]
[Result "1-0"]
[WhiteElo "2518"]
[BlackElo "2375"]
[PlyCount "123"]
[EventDate "2025.05.??"]
[WhiteTeam "CANNES"]
[BlackTeam "LYON"]
[WhiteTeamCountry "FRA"]
[BlackTeamCountry "FRA"]

1. d4 Nf6 2. c4 e6 3. Nf3 d5 4. g3 Bb4+ 5. Bd2 Be7 6. Bg2 O-O 7. O-O Nbd7 8.
Qc2 c6 9. a4 a5 10. Nc3 dxc4 11. Rfc1 Nd5 12. Ne4 N5f6 13. Nxf6+ Bxf6 14. h4 h6
15. Rd1 Qe7 16. Ra3 Re8 17. g4 Qf8 18. g5 Be7 19. Re3 h5 20. Qxc4 g6 21. Qb3
Rd8 22. Rc1 Bd6 23. Rc2 Bc7 24. Rec3 Bd6 25. Re3 Bc7 26. Qa3 Qxa3 27. Rxa3 Bd6
28. Rd3 Nb6 29. b3 Nd5 30. e4 Nb4 31. Bxb4 axb4 32. e5 Bc7 33. Rc4 Ba5 34. Nd2
Bd7 35. Ne4 Kf8 36. Nd6 Rab8 37. f4 Ke7 38. Kf2 Be8 39. Ke3 Rd7 40. Ne4 Rbd8
41. Nf6 Rc7 42. f5 exf5 43. d5 cxd5 44. Nxd5+ Rxd5 45. Bxd5 b5 46. Rxc7+ Bxc7
47. axb5 Bxb5 48. Bc4 Bc6 49. Kf4 Be4 50. Rd2 Bb6 51. Rd6 Bg1 52. Rf6 Bh2+ 53.
Ke3 Bxe5 54. Rxf7+ Kd6 55. Rf6+ Bxf6 56. gxf6 Kd7 57. Bf7 Bc2 58. Kf4 Kd6 59.
Kg5 Kd7 60. Kxg6 f4+ 61. Kg7 f3 62. Be8+ 1-0

[Event "TOP 16 A group"]
[Site "BELFORT"]
[Date "????.??.??"]
[Round "1.20"]
[White "Lux, Hugo de Melo"]
[Black "Defromont, Benjamin"]
[Result "0-1"]
[WhiteElo "2315"]
[BlackElo "2388"]
[PlyCount "176"]
[EventDate "2025.05.??"]
[WhiteTeam "LYON"]
[BlackTeam "CANNES"]
[WhiteTeamCountry "FRA"]
[BlackTeamCountry "FRA"]

1. e4 g6 2. Nc3 Bg7 3. d4 d5 4. exd5 Nf6 5. Bb5+ Nbd7 6. Nge2 O-O 7. Bg5 Nb6 8.
Qd2 Nbxd5 9. O-O-O c6 10. Bd3 b5 11. Nxd5 Nxd5 12. Be4 Be6 13. h4 b4 14. Bh6
Qa5 15. Bxg7 Kxg7 16. Bxd5 Bxd5 17. h5 Qxa2 18. Qe3 b3 19. Nc3 Qa1+ 20. Kd2
Qxb2 21. Rc1 Qa3 22. Rh4 Qd6 23. Rch1 g5 24. Qxg5+ Kh8 25. Nxd5 cxd5 26. Qe5+
Qxe5 27. dxe5 bxc2 28. Rc1 Rg8 29. g3 Rg5 30. Rxc2 Kg7 31. h6+ Kg6 32. e6 fxe6
33. Rc6 Kf7 34. Ra6 Rf5 35. Ke1 Rf6 36. Ke2 Rb8 37. f4 Rb2+ 38. Kf3 Rb3+ 39.
Kg2 Rg6 40. g4 e5 41. Ra5 exf4 42. Rxd5 Rg3+ 43. Kf2 R3xg4 44. Rf5+ Ke6 45.
Rhh5 Rf6 46. Ra5 Rgg6 47. Rxa7 Kf7 48. Kf3 Rxh6 49. Rxh6 Rxh6 50. Kxf4 Rb6 51.
Ra5 Rf6+ 52. Ke4 Kg6 53. Ra7 Rf7 54. Ra6+ Kg5 55. Ra5+ Kg4 56. Ra1 h5 57. Rg1+
Kh3 58. Rh1+ Kg4 59. Rg1+ Kh4 60. Rh1+ Kg5 61. Rg1+ Kh6 62. Rh1 Rf2 63. Ke3 Rf5
64. Ke4 Kg6 65. Rh2 Kf6 66. Rh1 Re5+ 67. Kf4 Ra5 68. Rb1 Ra4+ 69. Kf3 Kf5 70.
Rb8 Ra3+ 71. Kf2 h4 72. Rf8+ Ke4 73. Rh8 h3 74. Kf1 e5 75. Kg1 Rf3 76. Rh7 Ke3
77. Ra7 e4 78. Ra8 Kd3 79. Ra3+ Kd4 80. Ra4+ Ke5 81. Ra8 e3 82. Re8+ Kd4 83.
Rd8+ Kc3 84. Rc8+ Kd2 85. Rd8+ Ke1 86. Rd7 e2 87. Rd6 Rf1+ 88. Kh2 Kf2 0-1

[Event "TOP 16 A group"]
[Site "BELFORT"]
[Date "????.??.??"]
[Round "1.21"]
[White "Llari, Marc"]
[Black "Mathieu, Phileas"]
[Result "0-1"]
[WhiteElo "2309"]
[BlackElo "2346"]
[PlyCount "118"]
[EventDate "2025.05.??"]
[WhiteTeam "CANNES"]
[BlackTeam "LYON"]
[WhiteTeamCountry "FRA"]
[BlackTeamCountry "FRA"]

1. e4 e5 2. Nf3 Nc6 3. Bb5 a6 4. Ba4 Nf6 5. O-O b5 6. Bb3 Bc5 7. Re1 d6 8. c3
O-O 9. d4 Bb6 10. Be3 Bg4 11. Qd3 Bxf3 12. gxf3 Nh5 13. Bd5 exd4 14. Bxc6 dxe3
15. fxe3 Qh4 16. Na3 Rad8 17. Nc2 d5 18. e5 Qg5+ 19. Kh1 Qxe5 20. Nb4 a5 21.
Nxd5 Rd6 22. Qxb5 Ng3+ 23. Kg2 Nf5 24. f4 Qe4+ 25. Kf2 Kh8 26. Nxb6 Rxc6 27.
Qd5 Nd6 28. Qxe4 Nxe4+ 29. Kf3 Nd2+ 30. Ke2 Rxb6 31. Kxd2 Rxb2+ 32. Kd3 Rxh2
33. Kc4 g6 34. Red1 Re8 35. Rd7 Kg7 36. Re1 Rxa2 37. Rxc7 Ra4+ 38. Kb5 Rxf4 39.
c4 Rb8+ 40. Ka6 Rf6+ 41. Ka7 Re8 42. c5 h5 43. c6 g5 44. Rc1 h4 45. Rd7 Ree6
46. Kb7 h3 47. c7 Rb6+ 48. Kc8 Rbc6 49. Rg1 h2 50. Rh1 Rc2 51. Kb7 Rfc6 52.
Rxh2 Rxc7+ 53. Rxc7 Rxh2 54. Rc5 Kg6 55. Rxa5 g4 56. Ra4 f5 57. Ra8 Re2 58.
Rg8+ Kf7 59. Rg5 Kf6 0-1

[Event "TOP 16 A group"]
[Site "BELFORT"]
[Date "????.??.??"]
[Round "1.22"]
[White "Hejazipour, Mitra"]
[Black "De Labaca, Romuald"]
[Result "1/2-1/2"]
[WhiteElo "2310"]
[BlackElo "2290"]
[PlyCount "30"]
[EventDate "2025.05.??"]
[WhiteTeam "LYON"]
[BlackTeam "CANNES"]
[WhiteTeamCountry "FRA"]
[BlackTeamCountry "FRA"]

1. d4 d5 2. c4 e6 3. Nf3 Nf6 4. e3 a6 5. b3 b6 6. Bd3 Bb7 7. cxd5 exd5 8. O-O
Nbd7 9. Bb2 Bd6 10. Ne5 Qe7 11. f4 O-O 12. Nd2 Ne4 13. Bxe4 dxe4 14. Qc2 Nf6
15. Ndc4 Nd5 1/2-1/2

[Event "TOP 16 A group"]
[Site "BELFORT"]
[Date "????.??.??"]
[Round "1.23"]
[White "Bensdorp-De Labaca, Marlies"]
[Black "Pak, Alexander"]
[Result "1/2-1/2"]
[WhiteElo "2208"]
[BlackElo "2243"]
[PlyCount "44"]
[EventDate "2025.05.??"]
[WhiteTeam "CANNES"]
[BlackTeam "LYON"]
[WhiteTeamCountry "FRA"]
[BlackTeamCountry "FRA"]

1. d4 d5 2. c4 c6 3. cxd5 cxd5 4. Bf4 Nf6 5. Nc3 Nc6 6. e3 a6 7. Be2 Bf5 8. Nf3
e6 9. O-O Bd6 10. Bxd6 Qxd6 11. Rc1 O-O 12. Nh4 Bg6 13. Nxg6 hxg6 14. Na4 Nd7
15. a3 Na5 16. Nc5 Nxc5 17. Rxc5 b6 18. Rc3 b5 19. Rc5 Nb7 20. Rc3 Na5 21. Rc5
Nb7 22. Rc3 Na5 1/2-1/2